000 00426nam a22001337a 4500
020 _qPB.
040 _cFizza Ishaq
082 _a363.32
_bWAL
100 _aLaqueur, Walter.
_975981
245 _aThe Terrorism Reader: The Essebtial Source Book on Political Violence Both past and Present /
_cWalter Laqueur.
260 _aNew York :
_bA Meridian Book,
_c1958.
300 _a405 p, ;
_c5.2 x 7.9 x 1.1 inches
942 _2ddc
_cBK
999 _c616992
_d616992